00366 a2200121 4500001001000000005001700010008004100027245004400068100001700112700002200129773007600151999001700227ART_1386320260410161911.0260409a 10aRepressed inflation in the Soviet Union1 aGardner, Roy1 astrauss, Jonathan0 tEuropean economic reviewg- Vol. 16, NÂș 2/3 (jun./jul. 1981)wREV13346 c26848d26848